000 00509nam a2200145Ia 4500
008 200110s9999 xx 000 0 und d
020 _a0-7248-0759-6
100 _aKotler, Philip
245 _cPhilip Kotler, Robin Shaw, Peter FitzRoy & Peter Chandler.--
_aMarketing in Australia /
260 _aNew Jersey :
_bPrentice Hall
_c1983
300 _axiii, 626 pages
_c23 cm.
500 _aIncludes glossary and index.
650 _a Marketing -- Australia -- Management.
650 _aMarketing -- Management.
999 _c362889
_d362889